MARC

LEADER 00000nam0a2200000 4500
001 251091
005 20231101232626.0
010 |a 5250002609 
020 |a RU  |b 89-19846 
035 |a (RuTPU)RU\TPU\book\273347 
090 |a 251091 
100 |a 20140219d1989 k y0rusy5003 ca 
101 0 |a rus 
102 |a RU 
105 |a y z 000zy 
200 1 |a Развитие социализма от утопии к науке  |f Ф. Энгельс 
210 |a Москва  |c Политиздат  |d 1989 
215 |a 93 с. 
606 1 |a Энгельс  |x Отдельные произведения  |2 stltpush  |3 (RuTPU)RU\TPU\subj\21191 
610 1 |a утопический социализм 
610 1 |a научный коммунизм 
610 1 |a наука 
610 1 |a утопия 
686 |a Ю3(0)6-602.146  |2 rubbk 
700 1 |a Энгельс  |b Ф.  |c немецкий мыслитель и общественный деятель  |c один из основоположников марксизма  |f 1820-1895  |g Фридрих  |2 stltpush  |3 (RuTPU)RU\TPU\pers\530  |9 250 
801 0 |a RU  |b RuMRKP  |c 19950417  |g psbo 
801 1 |a RU  |b 63413507  |c 20140219 
801 2 |a RU  |b 63413507  |c 20160225  |g RCR 
942 |c BK